00765 2200289 4500001002100000005001500021035002000036007000300056008004100059020002200100082001200122084001800134100002100152245008500173250001000258260004000268300003400308700001800342500001600360990001300376990001300389990001500402990001300417990001500430990001500445990001500460INLIS00000000000767420210405101533 a0010-0321001044ta210405 g 0 ind  a978-979-18060-5-3 aR.398.3 aR.398.3 ASY t0 aASYRAF, Suryadin1 aTelaga Naga dan Mak Per :bCerita Rakyat Bangka /cAsyraf Suryadin, Tien Rostini acet.1 aPangkalpinang :bHiski Babel,c2011 av, 53 hal. :bilus. ;c23 cm.0 aTIEN, Rostini aKamus Kecil a1072935a a1072935b a1072.935 A a1072935b a1072.935 B a1072.935 A a1072.935 C